01179nam a2200277 a 4500003000900000005001700009008004100026020001800067040002800085082002400113100004500137245014500182260008100327300003000408490003200438500002200470650002400492650004100516650004700557650003100604700004300635700004100678942001200719999001700731952015300748CO-ViMGA20230915234238.0111216s2012 ck a gr 00010 spa d a9789589076644 aCO-ViMGAbspacCO-ViMGA04a616.025 bP85c 2211 aPulgarín Torres, Angela María.9665210aCuidado del paciente en estado crítico / cAngela María Pulgarín Torres, Sandra Patricia Osorio Galeano, Luz Estella Varela Londoño. aMedellín : bCIB, Corporación para Investigaciones BIológicas, c2012. a433 p. : bil. ; c23 cm.0 aFundamentos de enfermería aIncluye índice.14aEnfermería.9665514aCuidados intensivos (Medicina)9665314aEnfermería de cuidados intensivos.9665614aUrgencias médicas.966541 aOsorio Galeano, Sandra Patricia.966571 aVarela Londoño, Luz Estella.96658 2ddccBK c37575d37575 00102ddc40708002aMEVIECARbMEVIECARd2016-10-12l1m1o616.025 P85c p31265q2026-05-28r2026-05-08 20:01:57s2026-05-08tEj. 1w2016-10-12yBK